Орнамент и декоративные элементы в одежде и обуви селькупов; Лингвистические и культурологические традиции образования

書誌詳細
Parent link:Лингвистические и культурологические традиции образования.— 2002.— С. 324-329
第一著者: Булгакова И. В.
言語:ロシア語
出版事項: 2002
主題:
フォーマット: MixedMaterials 図書の章
KOHA link:https://koha.lib.tpu.ru/cgi-bin/koha/opac-detail.pl?biblionumber=88034

MARC

LEADER 00000naa2a2200000 4500
001 88034
005 20231031102502.0
035 |a (RuTPU)RU\TPU\book\94513 
090 |a 88034 
100 |a 20051220d2002 k y0rusy50 ca 
101 0 |a rus 
102 |a RU 
200 1 |a Орнамент и декоративные элементы в одежде и обуви селькупов  |f И. В. Булгакова 
320 |a Библиогр.: 6 назв. 
463 0 |0 (RuTPU)RU\TPU\book\60263  |t Лингвистические и культурологические традиции образования  |o материалы II Международной научно-практической конференции, Томск, июнь 2002  |f Томский политехнический университет; Под ред. Н. А. Качалова  |v С. 324-329  |d 2002  |p 338 с. 
610 1 |a селькупы 
610 1 |a одежда 
610 1 |a орнаменты 
610 1 |a народное творчество 
610 1 |a труды учёных ТПУ 
700 1 |a Булгакова  |b И. В. 
801 1 |a RU  |b 63413507  |c 20051220  |g PSBO 
801 2 |a RU  |b 63413507  |c 20110128  |g RCR 
942 |c BK